000 00524nam a2200217Ia 4500
003 OSt
005 20221007064827.0
006 a|||||r|||| 00| 0
007 ta
008 221006b |||||||| |||| 00| 0 eng d
024 _a22,078
037 _cTextual
040 _aFLL
_cFLL
_beng
041 _2eng
_aeng
082 _aZ2,924, P2
245 0 _aTrust
260 _aDelhi
_bNabhi Publications India
_c2002
300 _axxxi,315p
_ccm.
942 _hZ2,924, P2
_cTEXL
_2CC
999 _c1135472
_d1135472